000 00989nac a22002531i 4500
003 EG-ScBUE
005 20250528100029.0
008 250417s1966 e a f b 001 0 eng d
040 _aEG-ScBUE
_beng
_erda
_cEG-ScBUE
_dEG-ScBUE
082 0 4 _a530.42
_bLAM
_222
245 0 0 _aLaminar boundary layers :
_ban account of the development, structure, and stability of laminar boundary layers in incompressible fluids, together with a description of the associated experimental techniques /
_ceditor L. Rosenhead.
264 1 _aOxford :
_bClarendon Press,
_c1966.
300 _axxi, 687 pages :
_billustrations ;
_c24 cm.
336 _2rdacontent
_atext
_btxt
337 _aunmediated
_2rdamedia
_bn
338 _avolume
_bnc
_2rdacarrier
490 0 _aFluid motion memoirs
504 _aIncludes bibliographical references and index.
650 7 _aBoundary layer.
_2BUEsh
650 7 _aLaminar flow.
_2BUEsh
655 _vReading book
700 1 _aRosenhead, Louis,
_eeditor.
942 _cBB
_2ddc
999 _c9250
_d9250